bloxfruits fruits - Statistics

General Stats
  • This quiz has been taken 156 times
  • The average score is 30 of 38
Answer Stats
Hint Answer % Correct
this fruit is being reworked dragon
98%
to bright light
96%
you can create huge green blocks that you can walk on barrier
93%
volcano and a good grinding fruit magma
93%
you can freeze other things ice
89%
teleport from one place to another portal
87%
webs spider
87%
dinosaur fruit T-rex
87%
dang your a GIANT buddha
86%
burning up flame
86%
the rarest and OP kitsune
86%
pointy do'nt touch it! spike
86%
Brrr..... c-cold blizzard
85%
you can control stuff control
85%
Boo you live at 50% health on killed ghost
85%
valentine's day for a fruit love
84%
this fruit can be used to make a lot of foods like cake and pizza dough
82%
this fruit can go to space rocket
82%
a mythic red eyed fruit leopard
80%
a harry elephant but mythic mammoth
80%
tick tick tick explosion! bomb
79%
this bird is on fire phoenix
79%
with no light its _____ dark
78%
this fruit is the worst mythical fruit to use gravity
78%
you can summon tsunamis quake
78%
rotation around and around and around spin
78%
the other bird that is pretty trash falcon
76%
you would put on headphones to listen to ______ sound
75%
OUCH! im in ____ pain
74%
this material is good for making this like a balloon or a wheel rubber
73%
if you have a sword you would ____ something chop
72%
dry and yellow sand
67%
boing boing bouncing around with a _____ spring
67%
when its bright and your outside you can see it and it follows you around shadow
60%
this fruit makes you slightly more damage resistant diamond
51%
its hard so see if theres _____ in front of you smoke
51%
a cats hand or ___ paw
49%
this fruit is know for pvp stun and damage rumble
48%
No matching quizzes found
Score Distribution
Percent of People with Each Score
Percentile by Number Answered
Your Score History
You have not taken this quiz